000 01984nam a2200565 i 4500
001 38000
003 KOSZ 005
005 20200514094439.0
008 001007s1999 pl a f |000 0 pol
015 _aUWD 2000/20449
035 _a991014856409705066
035 _a(PL-WaBN)b13991942-48omnis_nlop
035 _ab13991942
035 _a(OCoLC)749204317
035 _a(PL)b0000001399194
035 _a(EXLNZ-48OMNIS_NETWORK)9910500458505606
040 _aWA N
_cWA N
_dKOSZ 005/HR
041 0 _apol
046 _k1999
080 _a624.01/.07:531
080 _a691
080 _a666.65
080 _a519.86
100 1 _aNikitin, Vadim I.
_eAutor
245 1 0 _aModelowanie procesów w produkcji i eksploatacji warstwowych konstrukcji budowlanych /
_cWadim Nikitin, Włodzimierz Guriew, Andrzej Łapko.
260 _aBiałystok :
_bDział Wydawnictw i Poligrafii PB,
_c1999.
300 _a244 s. :
_bil. ;
_c23 cm.
336 _aTekst
_btxt
_2rdacontent
337 _aBez urządzenia pośredniczącego
_bn
_2rdamedia
338 _aWolumin
_bnc
_2rdacarrier
380 _aKsiążki
380 _aPublikacje naukowe
388 _a1901-2000
388 _a1989-2000
490 1 _aRozprawy Naukowe / Politechnika Białostocka,
_x0867-096X ;
_vnr 64
504 _aBibliogr.
650 7 _aIzolacje cieplne
_2DBN
650 7 _aTechnologia
650 7 _aKonstrukcje budowlane
_2DBN
650 7 _aModele matematyczne
650 7 _aMateriały budowlane
_2DBN
658 _aArchitektura i budownictwo
700 1 _aGur'ev, Vladimir V.
_eAutor
700 1 _aŁapko, Andrzej
_d(1949-2015)
_eAutor
710 2 _aOficyna Wydawnicza Politechniki Białostockiej
_4pbl
830 0 _aRozprawy Naukowe - Politechnika Białostocka
_vnr 64
856 _uhttp://koha.tu.koszalin.pl/cgi-bin/koha/opac-detail.pl?biblionumber=38000
_yKatalog online BPK
942 _2UKD
_cKS
999 _c38000
_d38000